000
00312nam a2200133Ia 4500
008
191201s2014 xx 000 0 und d
100
_a
SCHILDT, Herbert
245
0
_a
Complete Reference C++
250
_a
Rep
260
_a
New Delhi
_b
TMH
_c
2014
300
_a
1023
650
_a
M.Tech(CSE)
942
_2
ddc
_c
BK
_0
11
999
_c
5988
_d
5988